Solution of problems in fluid mechanics: a problem-based textbook, Part. 1 (Record no. 7091)

000 -LEADER
fixed length control field 00563nam a2200193Ia 4500
008 - FIXED-LENGTH DATA ELEMENTS--GENERAL INFORMATION
fixed length control field 200103s 1977 ||||xx |||||||||||||| ||und||
020 ## - INTERNATIONAL STANDARD BOOK NUMBER
International Standard Book Number 0273008781
082 ## - DEWEY DECIMAL CLASSIFICATION NUMBER
Classification number 620.106
Item number DOU
100 ## - MAIN ENTRY--PERSONAL NAME
Personal name Douglas, John F.
245 #0 - TITLE STATEMENT
Title Solution of problems in fluid mechanics: a problem-based textbook, Part. 1
250 ## - EDITION STATEMENT
Edition statement All-metric edition
260 ## - PUBLICATION, DISTRIBUTION, ETC. (IMPRINT)
Name of publisher, distributor, etc Pitman Publishing
Date of publication, distribution, etc 1977
Place of publication, distribution, etc London
300 ## - PHYSICAL DESCRIPTION
Extent xviii, 246 p.: ill.
504 ## - BIBLIOGRAPHY, ETC. NOTE
Bibliography, etc Includes index
650 ## - SUBJECT ADDED ENTRY--TOPICAL TERM
Topical term or geographic name as entry element Hydraulic engineering
650 ## - SUBJECT ADDED ENTRY--TOPICAL TERM
Topical term or geographic name as entry element Hydraulics
650 ## - SUBJECT ADDED ENTRY--TOPICAL TERM
Topical term or geographic name as entry element Fluid mechanics
942 ## - ADDED ENTRY ELEMENTS (KOHA)
Item type Books
Holdings
Withdrawn status Lost status Source of classification or shelving scheme Damaged status Not for loan Collection code Permanent location Current location Shelving location Date acquired Full call number Barcode Date last seen Koha item type Public note
          Non-fiction IMU-MPC Library IMU-MPC Library General Stacks 2020-01-08 620.106 DOU LBS7127 2025-03-17 Books Column - 27
Copyright © 2021 Indian Maritime University, Mumbai Port Campus. All Rights Reserved. Managed & Maintained by Central Library, IMU-Mumbai

webs counters

Powered by Koha